東海道本線の駅(サドンデス) - Statistics

General Stats
  • This quiz has been taken 716 times
  • The average score is 25 of 44
Answers on the Grid
Answers color-coded by a green-red scale on the quiz's grid according to % correct below.
東京
大阪
名古屋
横浜
千葉
京都
神戸
博多
広島
大津
岐阜
新大阪
新神戸
新横浜
新浜松
熱海
姫路
米原
掛川
福山
小田原
川崎
岡崎
東静岡
西岐阜
南吹田
北安城
金山
多治見
芦屋
春日井
矢板
西尾
袋井
守山
高砂
平塚
茨木
長浜
尾張一宮
二宮
三宮
四宮
西宮名塩
北大宮
三河川合
三河塩津
近江塩津
近江長岡
東海
愛知御津
大山崎
垂井
朝日
大磯
石山
白沢
松尾
三原
住吉
小野
清水
高月
佐古
永和
土崎
金屋
宝木
岩田
豊田
片浜
朝霧
鴨島
鷲津
用宗
大府
国府津
笠寺
本吉原
天竜峡
中部天竜
さくら夙川
長泉なめり
摩耶
須磨
六甲
伊吹
富士川
能登川
愛知川
東淀川
 
Answer Stats
Answer % Correct
東京
99%
名古屋
96%
横浜
94%
大阪
92%
京都
90%
熱海
83%
大津
81%
神戸
80%
岐阜
80%
新大阪
78%
小田原
78%
米原
76%
川崎
76%
掛川
74%
岡崎
70%
金山
67%
平塚
64%
東静岡
61%
尾張一宮
61%
袋井
59%
西岐阜
58%
二宮
52%
茨木
51%
芦屋
49%
守山
44%
国府津
44%
大磯
43%
清水
41%
垂井
40%
大府
40%
近江長岡
38%
愛知御津
38%
用宗
36%
三河塩津
35%
石山
35%
鷲津
34%
能登川
33%
笠寺
32%
富士川
32%
東淀川
31%
さくら夙川
30%
住吉
29%
片浜
29%
摩耶
26%
No matching quizzes found
Score Distribution
Percent of People with Each Score
Percentile by Number Answered
Your Score History
You have not taken this quiz